Welcome to CU Library Online Public Access Catalogue (OPAC)

Infectious disorders. (Record no. 3462)

MARC details
000 -LEADER
fixed length control field 00693cam a2200229 a 4500
001 - CONTROL NUMBER
control field 1598743
005 - DATE AND TIME OF LATEST TRANSACTION
control field 20250205170142.0
008 - FIXED-LENGTH DATA ELEMENTS--GENERAL INFORMATION
fixed length control field 941011s1995 paua b 001 0 eng c
020 ## - INTERNATIONAL STANDARD BOOK NUMBER
International Standard Book Number 9780874347791
Terms of availability $24.00
050 00 - LIBRARY OF CONGRESS CALL NUMBER
Classification number RC111
Item number .I5185 1995
082 00 - DEWEY DECIMAL CLASSIFICATION NUMBER
Classification number 610.73/699
Edition information 20
245 00 - TITLE STATEMENT
Title Infectious disorders.
260 ## - PUBLICATION, DISTRIBUTION, ETC.
Place of publication, distribution, etc. Springhouse, Pa. :
Name of publisher, distributor, etc. Springhouse Corporation,
Date of publication, distribution, etc. c1995.
300 ## - PHYSICAL DESCRIPTION
Extent vii, 280 p. :
Other physical details ill. ;
Dimensions 24 cm.
440 #0 - SERIES STATEMENT/ADDED ENTRY--TITLE
Title Professional care guide
500 ## - GENERAL NOTE
General note At head of title: Springhouse.
650 #0 - SUBJECT ADDED ENTRY--TOPICAL TERM
Topical term or geographic name entry element Communicable diseases.
650 #0 - SUBJECT ADDED ENTRY--TOPICAL TERM
Topical term or geographic name entry element Communicable diseases
General subdivision Nursing.
650 12 - SUBJECT ADDED ENTRY--TOPICAL TERM
Topical term or geographic name entry element Communicable Diseases.
710 2# - ADDED ENTRY--CORPORATE NAME
Corporate name or jurisdiction name as entry element Springhouse Corporation.
942 ## - ADDED ENTRY ELEMENTS (KOHA)
Source of classification or shelving scheme Library of Congress Classification
Koha item type Books
Suppress in OPAC No
999 ## -
-- 3462
-- 3462
Holdings
Withdrawn status Lost status Source of classification or shelving scheme Damaged status Not for loan Collection Home library Current library Shelving location Date acquired Total checkouts Full call number Barcode Date last seen Copy number Price effective from Koha item type
    Library of Congress Classification     Non-fiction Science Library (Miotso) Science Library (Miotso) General stacks 02/05/2025   RC111 .I5185 INF SLM00002859 02/05/2025 1 02/05/2025 Books
    Library of Congress Classification     Non-fiction Science Library (Miotso) Science Library (Miotso) General stacks 02/05/2025   RC111 .I5185 INF SLM00002860 02/05/2025 2 02/05/2025 Books
    Library of Congress Classification     Non-fiction Science Library (Miotso) Science Library (Miotso) General stacks 02/05/2025   RC111 .I5185 INF SLM00002861 02/05/2025 3 02/05/2025 Books
    Library of Congress Classification     Non-fiction Science Library (Miotso) Science Library (Miotso) General stacks 02/05/2025   RC111 .I5185 INF SLM00002862 02/05/2025 4 02/05/2025 Books
    Library of Congress Classification     Non-fiction Science Library (Miotso) Science Library (Miotso) General stacks 02/05/2025   RC111 .I5185 INF SLM00002863 02/05/2025 5 02/05/2025 Books
    Library of Congress Classification     Non-fiction Science Library (Miotso) Science Library (Miotso) General stacks 02/05/2025   RC111 .I5185 INF SLM00002864 02/05/2025 6 02/05/2025 Books
    Library of Congress Classification     Non-fiction Science Library (Miotso) Science Library (Miotso) General stacks 02/05/2025   RC111 .I5185 INF SLM00002865 02/05/2025 7 02/05/2025 Books
© 2023-2024 Copyright: Central University Libraries. All Rights Reserved | Created by: Mahone Tech Office